[Event "Clutch Chess: Champions"]
[Site "Saint Louis USA"]
[Date "2025.10.29"]
[Round "15.2"]
[White "Nakamura,Hi"]
[Black "Gukesh,D"]
[Result "1/2-1/2"]
[WhiteElo "2816"]
[BlackElo "2752"]

1.d4 Nf6 2.c4 e6 3.Nc3 Bb4 4.Qc2 d5 5.a3 Bxc3+ 6.Qxc3 O-O 7.e3 c5 8.dxc5 Ne4
9.Qc2 a5 10.cxd5 exd5 11.Nf3 Na6 12.Nd4 Bd7 13.Bd3 Naxc5 14.Bxe4 Nxe4 15.O-O Qb6
16.b3 Rfc8 17.Qb2 Qg6 18.f3 Nc5 19.Qe2 a4 20.bxa4 Rxa4 21.Bd2 Rc4 22.Bb4 Nd3
23.Kh1 Ba4 24.f4 Qe4 25.Qf3 Qxf3 26.gxf3 Bd7 27.f5 Nxb4 28.axb4 Rxb4 29.Rfb1 Rxb1+
30.Rxb1 Rb8 31.Rb6 Kf8 32.Kg2 Ke7 33.f6+ gxf6 34.Kf2 h5 35.h4 Ra8 36.Rxb7 Ra2+
37.Kg3 Ra1 38.Kg2 Ra2+ 39.Kg3 Ra1 40.Ne2 Re1 41.Nf4 Kd6 42.Rb6+ Bc6 43.Kf2 Rh1
44.Nxh5 Rxh4 45.Nxf6 d4 46.exd4 Rxd4 47.Ke3 Ra4 48.Ne4+ Kc7 49.Rb3 Bxe4 50.fxe4 Kd6
51.Kf4 Ke7 52.Rb7+ Ke6 53.Rb6+ Ke7 54.Rb7+ Ke6 55.Rb6+  1/2-1/2

[Event "Clutch Chess: Champions"]
[Site "Saint Louis USA"]
[Date "2025.10.29"]
[Round "16.2"]
[White "Gukesh,D"]
[Black "Nakamura,Hi"]
[Result "0-1"]
[WhiteElo "2752"]
[BlackElo "2816"]

1.e4 c5 2.Nf3 g6 3.d4 cxd4 4.Nxd4 Bg7 5.c4 Nc6 6.Be3 Qb6 7.Nb3 Qd8 8.Qd2 Nf6
9.Nc3 Ng4 10.Bf4 d6 11.h3 Nf6 12.Bh6 Bxh6 13.Qxh6 a5 14.Qe3 a4 15.Nd2 Qa5
16.Be2 Qc5 17.Qxc5 dxc5 18.f4 Nd4 19.Kf2 Bd7 20.e5 Nh5 21.Bxh5 gxh5 22.Nde4 b6
23.Nd5 Rb8 24.b3 Bf5 25.Ng3 e6 26.Nxf5 Nxf5 27.Nf6+ Ke7 28.Nxh5 Nd4 29.Nf6 Ra8
30.Rhd1 Rhd8 31.Nxh7 Nc2 32.Rab1 a3 33.Nf6 Nb4 34.h4 Rxd1 35.Rxd1 Nxa2 36.h5 Nc3
37.Rd7+ Kf8 38.h6 a2 39.Nh7+ Kg8 40.Nf6+ Kh8 41.Rxf7 Ne4+ 42.Nxe4 a1=Q 43.Ng5 Ra2+
44.Kg3 Qe1+ 45.Kg4 Rxg2+ 46.Kh5 Qe2+ 47.Kg6 Qe4+ 48.f5 Rxg5+ 49.Kxg5 Qxe5
50.Rf8+ Kh7 51.Rf7+ Kg8 52.Kg6 Qg3+ 53.Kf6 Qh4+ 54.Kxe6 Qe4+  0-1

[Event "Clutch Chess: Champions"]
[Site "Saint Louis USA"]
[Date "2025.10.29"]
[Round "17.2"]
[White "Carlsen,M"]
[Black "Nakamura,Hi"]
[Result "1/2-1/2"]
[WhiteElo "2839"]
[BlackElo "2816"]

1.e4 c5 2.Nf3 g6 3.d4 cxd4 4.c3 dxc3 5.Nxc3 Nc6 6.Bc4 Bg7 7.O-O d6 8.e5 Nh6
9.exd6 O-O 10.dxe7 Qxe7 11.Nd5 Qc5 12.Bb3 Be6 13.Be3 Qa5 14.Bd2 Qd8 15.Bg5 Qa5
16.Rc1 Rad8 17.Bxd8 Rxd8 18.Rxc6 bxc6 19.Ne7+ Kf8 20.Nxc6 Rxd1 21.Nxa5 Rxf1+
22.Kxf1 Bd7 23.Nc4 Bb5 24.Ke1 Bxc4 25.Bxc4 Bxb2 26.Ke2 Ng4 27.h3 Ne5 28.Nxe5 Bxe5
29.Bb3 Bd6 30.Bc4 Be5 31.Bb3 Bd6 32.Bc4 Be5  1/2-1/2

[Event "Clutch Chess: Champions"]
[Site "Saint Louis USA"]
[Date "2025.10.29"]
[Round "18.2"]
[White "Nakamura,Hi"]
[Black "Carlsen,M"]
[Result "1/2-1/2"]
[WhiteElo "2816"]
[BlackElo "2839"]

1.e4 e5 2.Nf3 Nc6 3.Nc3 Nf6 4.Nd5 d6 5.d4 Nxe4 6.Bb5 Bd7 7.Qe2 Nf6 8.Bg5 Be7
9.Bxf6 Bxf6 10.dxe5 Nxe5 11.Nxe5 dxe5 12.Bxd7+ Qxd7 13.Nxf6+ gxf6 14.Rd1 Qc6
15.O-O Rd8 16.Rxd8+ Kxd8 17.Rd1+ Ke7 18.Qd3 b6 19.h4 a5 20.Qa3+ Ke6 21.Qb3+ Ke7
22.Qa3+ Ke6 23.Qb3+ Ke7 24.Qa3+  1/2-1/2

[Event "Titled Tue 4th Nov 2025"]
[Site "chess.com INT"]
[Date "2025.11.04"]
[Round "1"]
[White "Belov,Alexe"]
[Black "Nakamura,Hi"]
[Result "0-1"]
[WhiteElo "2421"]
[BlackElo "2813"]

1.e4 g6 2.d4 Bg7 3.Nc3 a6 4.f4 c6 5.Nf3 d5 6.e5 Bg4 7.h3 Bxf3 8.Qxf3 e6 9.g4 h5
10.Bg2 Ne7 11.Be3 Nd7 12.O-O-O Rc8 13.Ne2 c5 14.dxc5 Nxc5 15.Nd4 Qa5 16.Kb1 Na4
17.Nb3 Qc7 18.Bf1 Qxc2+  0-1

[Event "Titled Tue 4th Nov 2025"]
[Site "chess.com INT"]
[Date "2025.11.04"]
[Round "2"]
[White "Nakamura,Hi"]
[Black "Weetik,V"]
[Result "1-0"]
[WhiteElo "2813"]
[BlackElo "2423"]

1.Nf3 Nf6 2.b3 d5 3.Bb2 Bg4 4.e3 Nbd7 5.Be2 e6 6.d3 Bd6 7.Nbd2 a5 8.a3 c6
9.h3 Bh5 10.g4 Bg6 11.Nh4 e5 12.c4 Nc5 13.Qc2 dxc4 14.Nxc4 Bc7 15.O-O-O Qe7
16.g5 Nd5 17.Nxg6 hxg6 18.h4 b5 19.Nd2 b4 20.a4 Nc3 21.Bxc3 bxc3 22.Qxc3 Rb8
23.d4 exd4 24.exd4 Nxb3+ 25.Nxb3 Bf4+ 26.Kb1 Qa3 27.Bc4 O-O 28.h5 Rxb3+ 29.Bxb3 Rb8
30.Rd3 Bd2 31.Qc4  1-0

[Event "Titled Tue 4th Nov 2025"]
[Site "chess.com INT"]
[Date "2025.11.04"]
[Round "3"]
[White "Mitrabha,G"]
[Black "Nakamura,Hi"]
[Result "0-1"]
[WhiteElo "2515"]
[BlackElo "2813"]

1.c4 e5 2.g3 Nf6 3.Bg2 c6 4.d4 exd4 5.Qxd4 Na6 6.Nf3 Bc5 7.Qe5+ Be7 8.Nc3 O-O
9.O-O Re8 10.Qd4 Nc7 11.b3 d5 12.Rd1 c5 13.Qd3 d4 14.Ne4 Nxe4 15.Qxe4 Bf6
16.Qd3 g6 17.e3 Bg4 18.Bb2 Ne6 19.h3 Bxf3 20.Bxf3 Qc7 21.Bd5 Rad8 22.Kg2 Kg7
23.Re1 h5 24.h4 b5 25.Re2 bxc4 26.bxc4 Rb8 27.Rae1 Qd7 28.e4 Nc7 29.e5 Nxd5
30.cxd5 Qxd5+ 31.Kg1 Rxe5 32.Rxe5 Bxe5 33.Bc1 c4 34.Qa3 Rb7 35.Qa6 Rd7 36.Qc8 Bf6
37.Ba3 Rd8 38.Qc7 d3 39.Bb4 d2 40.Rd1 Qf3 41.Rxd2 Rxd2 42.Bxd2 Qd1+ 43.Kg2 Qxd2
44.Qxc4 Bd4 45.Kf3 Qxf2+ 46.Ke4 Bf6 47.Qb3 Qf5+ 48.Ke3 Be5 49.Ke2 Qg4+ 50.Kf2 Qxg3+
51.Qxg3 Bxg3+ 52.Kxg3 f6 53.Kf4 Kf7 54.Ke4 Ke6 55.Kd4 g5 56.Ke4 gxh4 57.Kf3 f5  0-1

[Event "Titled Tue 4th Nov 2025"]
[Site "chess.com INT"]
[Date "2025.11.04"]
[Round "4"]
[White "Nakamura,Hi"]
[Black "Bok,B"]
[Result "1/2-1/2"]
[WhiteElo "2813"]
[BlackElo "2588"]

1.e4 c5 2.Nf3 d6 3.d4 cxd4 4.Qxd4 Nf6 5.Nc3 Nc6 6.Qe3 g6 7.Bc4 Bg7 8.h3 O-O
9.O-O Na5 10.Bd3 Be6 11.Rd1 Qc7 12.Qe2 a6 13.Rb1 Rac8 14.Ng5 Bc4 15.Bd2 b5
16.b3 Bxd3 17.cxd3 Nc6 18.Nf3 Rfd8 19.Bg5 Qb7 20.Rbc1 h6 21.Be3 e6 22.Qd2 Kh7
23.Ne2 Rc7 24.Ng3 Rdc8 25.d4 Ne7 26.Rxc7 Rxc7 27.Qd3 d5 28.e5 Ne4 29.Rc1 Rxc1+
30.Bxc1 Bf8 31.Ne2 Nc6 32.a3 Qc7 33.Nh2 Qb6 34.Qe3 Qa5 35.Kf1 Bxa3 36.Qxh6+ Kg8
37.Ng4 Bxc1 38.Qxc1 Qd2 39.Nf6+ Kg7 40.Nxe4 Qxc1+ 41.Nxc1 dxe4 42.Ke2 Nxd4+
43.Ke3 Nc6 44.Kxe4 a5 45.f4 a4 46.h4 Kh6 47.g4 Ne7 48.bxa4 bxa4 49.Kd3 Nd5
50.Ke4 a3 51.Na2 Kg7 52.Kf3 Kh6 53.Ke4 Kg7 54.Kf3 Kh6 55.Ke4  1/2-1/2

[Event "Titled Tue 4th Nov 2025"]
[Site "chess.com INT"]
[Date "2025.11.04"]
[Round "5"]
[White "Szpar,Milosz"]
[Black "Nakamura,Hi"]
[Result "0-1"]
[WhiteElo "2499"]
[BlackElo "2813"]

1.e4 e5 2.Nf3 Nc6 3.Bb5 a6 4.Ba4 d6 5.Nc3 Bd7 6.Bxc6 bxc6 7.d4 f6 8.Be3 g6
9.Qe2 Nh6 10.O-O-O Nf7 11.h3 Bg7 12.g4 Qe7 13.Nd2 O-O 14.Nc4 a5 15.a4 Nd8
16.d5 Qf7 17.b3 cxd5 18.Nxd5 Ne6 19.h4 Rfd8 20.h5 g5 21.h6 Bf8 22.Qf3 Be7
23.Nxe7+ Qxe7 24.Rd5 Bc6 25.Rxa5 d5 26.Rxd5 Bxd5 27.exd5 Nf4 28.Rd1 e4 29.Qh1 Nxd5
30.Bd4 Nf4 31.Qe1 Qe6 32.f3 Rxa4 33.fxe4 Rxc4 34.bxc4 Qxc4 35.Bb2 Ne2+ 36.Kb1 Rb8
37.Rd3 Qxe4 38.Qa5 Qh1+ 39.Ka2 Ra8 40.Rd8+ Rxd8 41.Qxc7 Qa8+ 42.Ba3 Qd5+
43.Kb1 Qd1+ 44.Ka2 Qd7 45.Qc4+ Qf7  0-1

[Event "Titled Tue 4th Nov 2025"]
[Site "chess.com INT"]
[Date "2025.11.04"]
[Round "6"]
[White "Nakamura,Hi"]
[Black "Vakhidov,J"]
[Result "1-0"]
[WhiteElo "2813"]
[BlackElo "2516"]

1.e4 c5 2.Nf3 g6 3.g3 Bg7 4.Bg2 Nc6 5.O-O Nf6 6.Re1 d5 7.exd5 Nxd5 8.Nc3 Nc7
9.d3 O-O 10.Bg5 Ne6 11.Be3 Ned4 12.Ne4 Nxf3+ 13.Qxf3 Bxb2 14.Rab1 Bd4 15.Nxc5 Bxe3
16.Qxe3 Nd4 17.Rbc1 Nf5 18.Qe5 e6 19.Rb1 f6 20.Qc3 Nd4 21.Qc4 Kh8 22.c3 Nc2
23.Bxb7 Rb8 24.Bxc8 Rxc8 25.d4 Nxe1 26.Rxe1 Qd5 27.Qa6 e5 28.h4 exd4 29.cxd4 Qxd4
30.Ne6 Qb6 31.Qxb6 axb6 32.Nxf8 Rxf8 33.Re6 Ra8 34.Rxf6 Rxa2 35.Rxb6 Kg7
36.Rb7+ Kh6 37.Rc7 Ra1+ 38.Kg2 Ra3 39.g4 Ra5 40.g5+ Kh5 41.Kg3 Ra3+ 42.f3 h6
43.Rh7  1-0

[Event "Titled Tue 4th Nov 2025"]
[Site "chess.com INT"]
[Date "2025.11.04"]
[Round "7"]
[White "Carlsen,M"]
[Black "Nakamura,Hi"]
[Result "0-1"]
[WhiteElo "2839"]
[BlackElo "2813"]

1.b3 e5 2.Bb2 Nc6 3.c4 Nf6 4.Nf3 e4 5.Nd4 Bc5 6.Nf5 O-O 7.e3 d5 8.cxd5 Qxd5
9.Ng3 Ne5 10.Nc3 Nd3+ 11.Bxd3 Qxd3 12.Qb1 Qxb1+ 13.Rxb1 Re8 14.Rc1 Bb6 15.Na4 Nd5
16.a3 c6 17.Nxb6 axb6 18.f3 exf3 19.gxf3 f6 20.Kf2 Be6 21.h4 Rad8 22.b4 Nxb4
23.Bc3 Nd3+ 24.Ke2 Nxc1+ 25.Rxc1 c5 26.h5 h6 27.Kf2 Kf7 28.Rb1 Rd6 29.e4 Ra8
30.e5 fxe5 31.Bxe5 Rxd2+ 32.Ke3 Rd5 33.Kf4 Rd3 34.Ne4 Bd5 35.Rxb6 Raxa3 36.Nd6+ Kg8
37.Kg4 Be6+ 38.Nf5 Bxf5+ 39.Kxf5 Rxf3+ 40.Ke6 Ra6  0-1

[Event "Titled Tue 4th Nov 2025"]
[Site "chess.com INT"]
[Date "2025.11.04"]
[Round "8"]
[White "Nakamura,Hi"]
[Black "Lazavik,Denis"]
[Result "1-0"]
[WhiteElo "2813"]
[BlackElo "2605"]

1.d4 d5 2.Nf3 Nf6 3.e3 e6 4.b3 Be7 5.Bd3 O-O 6.Bb2 b6 7.O-O Bb7 8.Nbd2 Nbd7
9.Qe2 a5 10.a3 Ne4 11.c4 Nxd2 12.Nxd2 Nf6 13.Rfd1 Re8 14.Rac1 Bf8 15.Nf3 Ne4
16.Qc2 Rc8 17.c5 bxc5 18.dxc5 f5 19.b4 axb4 20.axb4 Ra8 21.Ne5 c6 22.f3 Nf6
23.Kh1 Qc7 24.g4 Bc8 25.Rg1 Nd7 26.f4 Nf6 27.gxf5 exf5 28.Bxf5 Bxf5 29.Qxf5 Ne4
30.Rg2 Ra2 31.Rcg1 Re7 32.Ng4 g6 33.Qh5 Rxb2 34.Rxb2 Bg7 35.Nh6+ Kh8 36.Ra2 Nf2+
37.Kg2 gxh5 38.Ra8+ Bf8 39.Kxf2  1-0

[Event "Titled Tue 4th Nov 2025"]
[Site "chess.com INT"]
[Date "2025.11.04"]
[Round "9"]
[White "Andreikin,D"]
[Black "Nakamura,Hi"]
[Result "1-0"]
[WhiteElo "2710"]
[BlackElo "2813"]

1.e4 e5 2.Nf3 Nc6 3.Nc3 Nf6 4.d4 exd4 5.Nxd4 Bb4 6.Nxc6 bxc6 7.Bd3 d5 8.exd5 O-O
9.O-O Bg4 10.Ne2 cxd5 11.c4 dxc4 12.Bxc4 Qe7 13.Qc2 Bd6 14.Bf4 Bxe2 15.Bxd6 cxd6
16.Qxe2 Qb7 17.Qd2 d5 18.Bb3 a5 19.Qd4 Rfb8 20.Rfd1 h5 21.h3 Re8 22.Rd2 a4
23.Bxd5 Nxd5 24.Qxd5 Qxd5 25.Rxd5 Re2 26.Rxh5 Rxb2 27.a3 g6 28.Rh4 Rb3 29.Rf4 Ra7
30.h4 Kg7 31.g3 Rc3 32.Kg2 Rb3 33.Ra2 Kg8 34.Rf3 Kg7 35.Re2 Rab7 36.Re4 Rxf3
37.Kxf3 Rb3+ 38.Re3 Rb2 39.Rd3 Kf6 40.Re3 Ra2 41.g4 Rb2 42.Kg3 Kg7 43.f3 Rb3
44.Kf4 Kf6 45.g5+ Kg7 46.Ke4 Rb1 47.f4 Rh1 48.Rd3 f5+ 49.Ke5 Re1+ 50.Kd5 Ra1
51.Kc5 Kf7 52.Kb5 Re1 53.Rd4 Ke6 54.Kxa4 Re4 55.Rb4 Kd5 56.Kb5 Re8 57.Kb6 Ra8
58.Rb5+ Ke4 59.Rb4+ Kd5 60.Kc7 Rxa3 61.Kd7 Ra7+ 62.Ke8 Kc5 63.Rb1 Rh7 64.Rd1 Rxh4
65.Kf7 Rxf4 66.Kxg6 Rf2 67.Kf7 f4 68.g6  1-0

[Event "Titled Tue 4th Nov 2025"]
[Site "chess.com INT"]
[Date "2025.11.04"]
[Round "10"]
[White "Nakamura,Hi"]
[Black "Moussard,J"]
[Result "1/2-1/2"]
[WhiteElo "2813"]
[BlackElo "2600"]

1.d4 Nf6 2.Nf3 e6 3.e3 d5 4.b3 c5 5.Bb2 Be7 6.Nbd2 O-O 7.Bd3 Nbd7 8.O-O b6
9.Qe2 Bb7 10.Rfd1 Qc7 11.c4 Rac8 12.cxd5 exd5 13.Rac1 Rfe8 14.Nb1 Qb8 15.Nc3 Bf8
16.Bf5 Rcd8 17.Qc2 h6 18.Ne2 Ne4 19.dxc5 bxc5 20.Ng3 Ndf6 21.Qb1 a5 22.Qa1 a4
23.Nd2 axb3 24.Ndxe4 Nxe4 25.Bxe4 dxe4 26.Nh5 f6 27.Bxf6 Rxd1+ 28.Rxd1 Qc7
29.axb3 Ra8 30.Qc3 Qf7 31.g4 Bc8 32.Rd8 Bb7 33.Rxa8 Bxa8 34.Be5 Bd5 35.Ng3 Bxb3
36.Nxe4 Bd5 37.Nd2 c4 38.e4 Be6 39.f3 Qb7 40.Qe3 Qb5 41.Bd4 Bb4 42.Kg2 Qa5
43.Nf1 c3 44.Qe2 Qa2 45.Qxa2 Bxa2 46.Ne3 Bb3 47.Nf1 g5 48.Kf2 c2 49.Bb2 Bc5+
50.Ke1 Bb4+ 51.Kf2 Kf7 52.Ne3 Bc5 53.Ke2 Kg6 54.Nf5 h5 55.h4 hxg4 56.fxg4 gxh4
57.Nxh4+ Kg5 58.Nf3+ Kxg4 59.Ne5+ Kh5 60.Nd3 Bd6 61.Kd2 Be7 62.e5 Bg5+ 63.Kc3 Ba4
64.Bc1 Be7 65.Nb2 Bd7 66.Kxc2 Kg6 67.Nd3 Kf5 68.Kc3 Bb5 69.Kd4 Bc6 70.Bd2 Be4
71.Bb4 Bxd3 72.Bd6 Bxd6 73.exd6 Ke6 74.Kxd3 Kxd6  1/2-1/2

[Event "Titled Tue 4th Nov 2025"]
[Site "chess.com INT"]
[Date "2025.11.04"]
[Round "11"]
[White "Shimanov,A"]
[Black "Nakamura,Hi"]
[Result "1/2-1/2"]
[WhiteElo "2578"]
[BlackElo "2813"]

1.e4 c6 2.d4 g6 3.c4 d6 4.Nc3 Bg7 5.Nf3 Nf6 6.Be2 O-O 7.O-O Qc7 8.Be3 Ng4
9.Bg5 e5 10.h3 Nf6 11.Re1 Re8 12.Bf1 Nbd7 13.Rc1 a5 14.Qd2 a4 15.Rcd1 exd4
16.Nxd4 Nc5 17.Qc2 Nfd7 18.Qc1 Qa5 19.Bh6 Nf6 20.Bxg7 Kxg7 21.f3 Be6 22.Nc2 Rad8
23.Ne3 Nfd7 24.Rxd6 Ne5 25.Red1 Rxd6 26.Rxd6 Qb4 27.Qd2 f6 28.f4 Nf7 29.Rd4 Bc8
30.a3 Qb6 31.Qf2 Qc7 32.g3 Qe7 33.Bg2 b6 34.Nc2 Be6 35.Nb4 Qc7 36.g4 Bc8
37.Rd1 g5 38.e5 fxe5 39.fxg5 Nxg5 40.Nxc6 Nxh3+ 41.Bxh3 Qxc6 42.Rf1 Qg6 43.Nd5 Ne4
44.Qxb6 Ng5 45.Qxg6+ hxg6 46.Bg2 e4 47.Ne3 Be6 48.Rc1 Rb8 49.Rc2 Kf6 50.c5 Ke5
51.c6 Kf4 52.Kf2 Rb3 53.Re2 Rb6 54.Rc2 Rb3 55.Re2 Rd3 56.c7 Bc8 57.Re1 Rd2+
58.Re2 Rd7 59.Rc2 Rd3 60.Re2 Rb3 61.Nd5+ Ke5 62.Ne3 Ba6 63.Rc2 Kf4 64.c8=Q Bxc8
65.Rxc8 Rxb2+ 66.Rc2 Rb3 67.Nd5+ Ke5 68.Ne3 Kf4 69.Nd5+ Ke5 70.Rd2 Rxa3 71.Ne3 Rd3
72.Rxd3 exd3 73.Ke1 Kd4 74.Kd2 a3 75.Bd5 Ne4+ 76.Bxe4 a2 77.Bxd3 a1=Q 78.Nc2+ Ke5
79.Nxa1 Kf4 80.Nc2 Kxg4 81.Bxg6 Kg5 82.Bd3 Kf6 83.Ne3 Ke7 84.Nc2 Kd6 85.Kc3 Kc5
86.Nd4 Kd6 87.Nb3 Ke6 88.Bc4+ Ke5 89.Nc5 Kd6 90.Nd3 Ke7 91.Kd4 Kf6 92.Bd5 Kg5
93.Ne5 Kf4 94.Nd3+ Kg3 95.Be4 Kg4 96.Ke3 Kg5 97.Nf2 Kh6 98.Ng4+ Kg7 99.Kf4 Kf8
100.Kf5 Ke7  1/2-1/2

[Event "1st Washington Dulles"]
[Site "Stirling, VA USA"]
[Date "2025.11.08"]
[Round "1.1"]
[White "Nakamura,Hi"]
[Black "Dokka,Tanush"]
[Result "1-0"]
[WhiteElo "2813"]
[BlackElo "1788"]

1.Nf3 Nf6 2.g3 g6 3.Bg2 Bg7 4.O-O O-O 5.d4 d6 6.c4 Nbd7 7.Nc3 e5 8.e4 a5
9.h3 exd4 10.Nxd4 Re8 11.Be3 Nc5 12.Qc2 Bd7 13.Rfe1 c6 14.Rad1 Qc7 15.f4 Rad8
16.Bf2 Bc8 17.a3 Re7 18.b4 axb4 19.axb4 Ne6 20.Nf3 Nf8 21.Qd3 Red7 22.Na4 c5
23.Nc3 b6 24.Rc1 Bb7 25.Nd2 Qb8 26.Rb1 Qc7 27.bxc5 dxc5 28.Nd5 Nxd5 29.cxd5 Ra8
30.Nc4 Ba6 31.e5 Bxc4 32.Qxc4 Rb8 33.h4 h5 34.Ra1 b5 35.Qxc5 Qxc5 36.Bxc5 b4
37.Reb1 b3 38.Ra3 b2 39.Bd4 Rdd8 40.Rxb2 Rxb2 41.Bxb2 Nd7 42.Bd4 Bf8 43.d6 Bg7
44.Bd5 Kf8 45.Ra7 Bh8 46.Kg2 Bg7 47.Bc6 Nb8 48.Bb5 Kg8 49.Rb7 Kf8 50.e6 fxe6
51.Bxg7+ Kg8 52.Be5 Kf8 53.d7 Nxd7 54.Bxd7 Kg8 55.Bxe6+ Kf8 56.Bg7+ Ke8 57.Bf7+  1-0

[Event "1st Washington Dulles"]
[Site "Stirling, VA USA"]
[Date "2025.11.08"]
[Round "2.1"]
[White "Ismayilova,Khanim"]
[Black "Nakamura,Hi"]
[Result "0-1"]
[WhiteElo "2025"]
[BlackElo "2813"]

1.e4 c5 2.c3 Nf6 3.e5 Nd5 4.d4 e6 5.Nf3 cxd4 6.cxd4 d6 7.Bc4 Be7 8.O-O O-O
9.Qe2 Bd7 10.Nc3 Nxc3 11.bxc3 Nc6 12.Bd3 dxe5 13.dxe5 Qa5 14.Qe4 g6 15.Bh6 Rfd8
16.Rab1 Rab8 17.Rfc1 Be8 18.Bc4 Qa4 19.Qe2 Na5 20.Bb3 Nxb3 21.axb3 Qa6 22.Qxa6 bxa6
23.h3 Bc6 24.Nd2 g5 25.Nc4 Bd5 26.Nd6 Bxd6 27.exd6 f6 28.h4 gxh4 29.c4 Be4
30.c5 Bxb1 31.Rxb1 Kf7 32.Be3 e5 33.Ra1 Ke6 34.Rxa6 Rd7 35.Ra3 h3 36.g3 Kd5
37.Kh2 f5 38.Kxh3 f4 39.gxf4 exf4 40.Bxf4 Kxc5 41.Be3+ Kd5 42.Bxa7 Rbb7 43.Be3 Rxd6
44.Ra5+ Ke6 45.Ra3 Rd3 46.Ra6+ Kf7 47.Rh6 Kg7 48.Rh4 Rdxb3 49.Rg4+ Kf6 50.Rf4+ Ke5
51.Rh4 Rg7 52.Kh2 Rd3 53.Bf4+ Kf5 54.Bg3 Kg5 55.Ra4 Rd5 56.Bh4+ Kf5 57.Kh3 Rg1
58.Bg3 h5 59.Kh2 Rdd1 60.Ra5+ Ke4 61.Ra4+ Kd3 62.Ra3+ Kc2 63.Ra4 Rge1 64.Rh4 Ra1
65.Kg2 Rg1+ 66.Kh2 Kd3 67.Rf4 Rgb1 68.Kh3 Ra5 69.Rf3+ Ke2 70.Re3+ Kf1 71.Kh4 Kg2
72.Re5 Rh1+ 73.Kg5 Rxe5+ 74.Bxe5 Kxf2 75.Bf4 Kg2 76.Be5 h4 77.Kg4 h3  0-1

[Event "1st Washington Dulles"]
[Site "Stirling, VA USA"]
[Date "2025.11.08"]
[Round "3.1"]
[White "Nakamura,Hi"]
[Black "Diao,Matthew Guo"]
[Result "1-0"]
[WhiteElo "2813"]
[BlackElo "2310"]

1.c4 c6 2.d4 d5 3.Nf3 Nf6 4.Qc2 dxc4 5.Qxc4 Bg4 6.Nbd2 e6 7.g3 Be7 8.Bg2 O-O
9.h3 Bh5 10.e3 Nbd7 11.g4 Bg6 12.Nh4 e5 13.Nxg6 hxg6 14.dxe5 Nxe5 15.Qc3 Nd3+
16.Ke2 Nc5 17.Nb3 Nd5 18.Qd4 Qb6 19.Qc4 Rad8 20.Bd2 Nxb3 21.axb3 Bb4 22.Bxd5 Bxd2
23.Be4 Bb4 24.Rhd1 Qc5 25.Qxc5 Bxc5 26.b4 Rxd1 27.Kxd1 Rd8+ 28.Ke2 Bb6 29.b5 cxb5
30.Bxb7 g5 31.b4 Rd7 32.Bc6 Rc7 33.Bxb5 Rc2+ 34.Kf3 Rb2 35.Rd1 Rxb4 36.Rd5 g6
37.Rxg5 Kg7 38.Bd7 a5 39.Re5 Kf6 40.Re8 Rb2 41.Ra8 Kg7 42.h4 Rd2 43.Ba4 Ra2
44.Be8 Rd2 45.Ra6 Bd8 46.g5 Kf8 47.Ba4 Kg7 48.Ra7 Rb2 49.Be8 Kf8 50.Bxf7 Bb6
51.Rd7 a4 52.Bxg6 a3 53.Rf7+ Kg8 54.Rb7 Kf8 55.Be4 a2 56.Rb8+ Kg7 57.Ra8 Bc5
58.h5  1-0

[Event "1st Washington Dulles"]
[Site "Stirling, VA USA"]
[Date "2025.11.09"]
[Round "4.1"]
[White "De Silva,L M S T"]
[Black "Nakamura,Hi"]
[Result "0-1"]
[WhiteElo "2400"]
[BlackElo "2813"]

1.e4 c5 2.c3 d5 3.exd5 Qxd5 4.d4 g6 5.Nf3 Bg7 6.Nbd2 cxd4 7.Bc4 Qd8 8.Qb3 Nh6
9.Nxd4 O-O 10.N2f3 Nc6 11.Nxc6 bxc6 12.O-O Qc7 13.Re1 Nf5 14.Qa4 e5 15.Be3 Nxe3
16.Rxe3 Kh8 17.Qa3 f6 18.Rd1 Bf5 19.Ree1 Rfd8 20.h3 a5 21.Qa4 Bd7 22.Qc2 Bf8
23.Nd2 Be7 24.Nf1 Bc5 25.Qe2 Re8 26.Rd2 e4 27.Red1 Bc8 28.a3 a4 29.Ba2 Qe7
30.Qc4 Ba6 31.Qf7 Qxf7 32.Bxf7 Re7 33.Rd8+ Rxd8 34.Rxd8+ Kg7 35.Be8 Rb7 36.Bxc6 Rxb2
37.Ne3 f5 38.Bxa4 f4 39.Ng4 e3 40.fxe3 fxe3 41.Rd7+ Kf8 42.Rd8+ Kf7 43.Ne5+ Kg7
44.Nf3 e2+ 45.Kh2 Bb7 46.Ne1 Bf2 47.Rd7+ Kh6 48.Nd3 e1=Q  0-1

[Event "1st Washington Dulles"]
[Site "Stirling, VA USA"]
[Date "2025.11.09"]
[Round "5.1"]
[White "Nakamura,Hi"]
[Black "Balakrishnan,Praveen"]
[Result "1/2-1/2"]
[WhiteElo "2813"]
[BlackElo "2505"]

1.c4 e6 2.Nc3 d5 3.d4 Nf6 4.Nf3 Bb4 5.Qa4+ Nc6 6.e3 O-O 7.Bd2 dxc4 8.Bxc4 Bd6
9.h3 e5 10.O-O Bf5 11.dxe5 Nxe5 12.Nxe5 Bxe5 13.Rfd1 c6 14.Be1 Qe7 15.Bd3  1/2-1/2

[Event "Titled Tue 11th Nov 2025"]
[Site "chess.com INT"]
[Date "2025.11.11"]
[Round "1"]
[White "Nakamura,Hi"]
[Black "Azar,Sebastien"]
[Result "1-0"]
[WhiteElo "2813"]
[BlackElo "2032"]

1.Nf3 d5 2.e3 Nf6 3.c4 e6 4.b3 Be7 5.Bb2 O-O 6.Nc3 c5 7.cxd5 Nxd5 8.Nxd5 Qxd5
9.Qc2 Nd7 10.O-O-O Bf6 11.d4 cxd4 12.Bd3 h6 13.Nxd4 Qc5 14.Kb1 Qxc2+ 15.Bxc2 a6
16.Ba3 Re8 17.Be4 Be7 18.Bb2 Nc5 19.Bc2 e5 20.Nf5 Bxf5 21.Bxf5 Bf6 22.Rd5 b6
23.Rhd1 a5 24.Ba3 Ne6 25.g3 a4 26.Bb2 axb3 27.axb3 Nc5 28.Bc2 Na6 29.Rb5 Rab8
30.Rd6 Bd8 31.Rxe5 Rxe5 32.Bxe5 Bc7 33.Rd5 Bxe5 34.Rxe5 g6 35.h4 Nb4 36.Re4 Nxc2
37.Kxc2 h5 38.Rd4 Rc8+ 39.Kd2 Rc6 40.Rc4 Rd6+ 41.Kc3 Kg7 42.Kb4 Rd2 43.Rf4 Rd6
44.Kb5 f6 45.Rd4 Re6 46.Rd5 f5 47.b4 Kf6 48.Ka6 Ke7 49.b5 Kf6 50.Kb7 Ke7
51.Rd4 Kf6 52.Rc4 g5 53.Rc6  1-0

[Event "Titled Tue 11th Nov 2025"]
[Site "chess.com INT"]
[Date "2025.11.11"]
[Round "2"]
[White "Zhitnikov,Konstantin"]
[Black "Nakamura,Hi"]
[Result "0-1"]
[WhiteElo "2271"]
[BlackElo "2813"]

1.e4 g6 2.d4 c5 3.c3 cxd4 4.cxd4 d5 5.exd5 Bg7 6.Nc3 Nf6 7.Bc4 O-O 8.Nf3 Nbd7
9.O-O Nb6 10.Bb3 Nbxd5 11.h3 h6 12.Re1 e6 13.Ne5 b6 14.Nxd5 Nxd5 15.Nc6 Qd6
16.Bxd5 exd5 17.Ne5 Bf5 18.Bf4 Rfc8 19.Qd2 Rc2 20.Qe3 g5 21.Bg3 Qe6 22.Qb3 Rac8
23.Ng4 Qd7 24.Ne3 Bxd4 25.Nxc2 Bxc2 26.Qb4 Rc4 27.Qd2 Bxb2 28.Rac1 Bc3 29.Qe3 Bxe1
30.Qxe1 Bg6 31.Rd1 d4 32.h4 d3 33.hxg5 hxg5 34.Qe5 Rc5 35.Qb8+ Kh7 36.f3 d2
37.Kh2 Bc2  0-1

[Event "Titled Tue 11th Nov 2025"]
[Site "chess.com INT"]
[Date "2025.11.11"]
[Round "3"]
[White "Nakamura,Hi"]
[Black "Novozhilov,Semen"]
[Result "1-0"]
[WhiteElo "2813"]
[BlackElo "2446"]

1.Nf3 Nf6 2.d4 e6 3.e3 c5 4.Bd3 Nc6 5.O-O d5 6.b3 Bd6 7.Bb2 O-O 8.Nbd2 b6
9.dxc5 Bxc5 10.a3 Bb7 11.Qe2 Qe7 12.c4 Rac8 13.cxd5 exd5 14.b4 Bd6 15.Nb3 Ne5
16.Nxe5 Bxe5 17.Rac1 Ne4 18.Bxe5 Qxe5 19.Nd4 g6 20.Qb2 Nd6 21.Qe2 h5 22.Ba6 Bxa6
23.Qxa6 Nc4 24.h3 Kg7 25.Rcd1 Nb2 26.Nf3 Qe6 27.Rd4 Rc7 28.Qe2 Nc4 29.Rfd1 Nxa3
30.Rxd5 Nc4 31.R1d4 Rfc8 32.h4 a5 33.bxa5 bxa5 34.Ng5 Qe7 35.Re4 Qb4 36.g4 Qb1+
37.Rd1 Qb2 38.Qf3 Qf6 39.Rf4 hxg4 40.Qxg4 Ne5 41.Qg3 Qe7 42.h5 Rc1 43.h6+ Kh8
44.Rxc1 Rxc1+ 45.Kh2 Qb7 46.Qg2 Qxg2+ 47.Kxg2 Rc7 48.Rd4 Rc8 49.Rd6 a4 50.Ra6 a3
51.f4 Nc4 52.Nxf7+ Kh7 53.e4 Rc7 54.Ng5+ Kxh6 55.Kg3 Rb7 56.Kh4 Rb1 57.Ra7 Rh1+
58.Kg4 Rg1+ 59.Kf3 Nd2+ 60.Ke3 Nc4+ 61.Kd4 Rxg5 62.fxg5+  1-0

[Event "Titled Tue 11th Nov 2025"]
[Site "chess.com INT"]
[Date "2025.11.11"]
[Round "4"]
[White "Rustemov,A"]
[Black "Nakamura,Hi"]
[Result "0-1"]
[WhiteElo "2525"]
[BlackElo "2813"]

1.d4 e6 2.Nf3 Nf6 3.c4 Bb4+ 4.Bd2 c5 5.Bxb4 cxb4 6.e3 a5 7.Be2 d6 8.O-O O-O
9.Nbd2 b6 10.Ne1 Na6 11.Nd3 Re8 12.Bf3 Ra7 13.Ne4 Nxe4 14.Bxe4 Rc7 15.Rc1 Bd7
16.Qe2 Qe7 17.Rc2 e5 18.dxe5 dxe5 19.Bd5 e4 20.Nf4 Nc5 21.Rd2 g6 22.Rfd1 Kg7
23.Rd4 h5 24.h3 Bf5 25.Qd2 h4 26.b3 Qe5 27.Qb2 g5 28.Ne2 Bg6 29.R4d2 Qxb2
30.Rxb2 Bh5 31.Rd4 Bxe2 32.Rxe2 f5 33.Red2 Kf6 34.Kf1 a4 35.bxa4 Nxa4 36.Rb2 Nxb2  0-1

[Event "Titled Tue 11th Nov 2025"]
[Site "chess.com INT"]
[Date "2025.11.11"]
[Round "5"]
[White "Nakamura,Hi"]
[Black "Durarbayli,Vasif"]
[Result "1/2-1/2"]
[WhiteElo "2813"]
[BlackElo "2612"]

1.Nf3 d5 2.d4 Nf6 3.e3 c6 4.Bd3 Bg4 5.Nbd2 e6 6.c4 Nbd7 7.h3 Bh5 8.b3 Bb4
9.Qc2 Bxf3 10.gxf3 e5 11.Bb2 exd4 12.Bxd4 Nc5 13.Bxc5 Bxc5 14.cxd5 Qxd5 15.a3 O-O-O
16.Ke2 Rhe8 17.Ne4 Nxe4 18.Bxe4 Qe5 19.b4 Bb6 20.b5 Qxb5+ 21.Bd3 Qe5 22.Rae1 g6
23.Kf1 Qd5 24.Be2 Kb8 25.h4 f5 26.Rd1 Qc5 27.Qxc5 Bxc5 28.a4 Rxd1+ 29.Bxd1 b5
30.h5 Kb7 31.hxg6 hxg6 32.Rh6 Re6 33.Bb3 Rf6 34.f4 Kb6 35.Ke2 Ka5 36.Rh1 bxa4
37.Ra1 a3 38.Kd3 Kb6 39.Rg1 Bb4 40.Kc2 Kb5 41.Bg8 a5 42.Rd1 a4 43.Rd4 Be1
44.f3 Rf8 45.Bc4+ Kc5 46.Bd3 Rb8 47.Rc4+ Kd6 48.Rxa4 Rb2+ 49.Kd1 Rd2+ 50.Kxe1 Rxd3
51.Ke2 Rb3 52.e4 c5 53.Ra6+ Kc7 54.e5 c4 55.e6 Kd8 56.Ra7 Rd3 57.Ra4 Ke7
58.Rxc4 Rb3 59.Rc6 a2 60.Ra6 Rb2+ 61.Ke3 Rg2 62.Kd4 Re2 63.Kd5 Kf6 64.Kd4 Rxe6
65.Rxa2 Re1 66.Ra6+ Re6 67.Ra8 Kf7 68.Kd5 Re3 69.Ra7+ Kf6 70.Ra6+ Kg7 71.Ra1 Rxf3
72.Ke5 Re3+ 73.Kd5 Re4 74.Rf1 Kf6 75.Rf2 g5 76.fxg5+ Kxg5 77.Rg2+ Kf4 78.Rg1 Re2
79.Rf1+ Kg4 80.Rg1+ Kf3 81.Rf1+ Rf2 82.Rxf2+ Kxf2 83.Ke5 f4 84.Kxf4  1/2-1/2

[Event "Titled Tue 11th Nov 2025"]
[Site "chess.com INT"]
[Date "2025.11.11"]
[Round "6"]
[White "Puzyrevsky,Semyon"]
[Black "Nakamura,Hi"]
[Result "0-1"]
[WhiteElo "2330"]
[BlackElo "2813"]

1.e4 g6 2.d4 c5 3.d5 d6 4.h3 Bg7 5.c4 Nf6 6.Nc3 O-O 7.Nf3 e6 8.Bd3 exd5 9.cxd5 a6
10.a4 Nbd7 11.O-O h6 12.Re1 Qe7 13.Nd2 Ne5 14.Bf1 g5 15.a5 Rb8 16.Na4 Bd7
17.Nb6 Bb5 18.Qb3 Bxf1 19.Rxf1 Nh5 20.Ndc4 f5 21.exf5 Rxf5 22.Nxe5 Bxe5 23.g4 Rf6
24.gxh5 Rbf8 25.Kg2 Bd4 26.Qg3 Qe4+ 27.f3 Rxf3 28.Qxf3 Rxf3 29.Rxf3 Qe2+
30.Kg3 Be5+ 31.Bf4 gxf4+  0-1